| 000 | 00661nam a2200229 i 4500 | ||
|---|---|---|---|
| 001 | 15026 | ||
| 003 | ES-MaACL | ||
| 005 | 20241011170548.0 | ||
| 007 | t| | ||
| 008 | 991202s1997 sp ||||1| spa d | ||
| 020 | _a84-233-1101-5 | ||
| 080 | _a821.134.2-31"19" | ||
| 100 | 1 |
_aMartín Gaite, Carmen, _d1925-2000 _977496 |
|
| 245 | 1 | 3 |
_aEl cuarto de atrás / _cCarmen Martín Gaite. |
| 250 | _a12ª ed. en Destinolibro. | ||
| 260 |
_aBarcelona : _bDestino, _c1997. |
||
| 300 |
_a181 p. ; _c18 cm. |
||
| 490 | 1 |
_aDestinolibro ; _v135 |
|
| 830 | 0 |
_aDestinolibro _v135 _9178615 |
|
| 852 |
_aES-MaACL _jL-22261 _bR.127468 |
||
| 999 |
_c15026 _d15026 |
||